000
00266nam a22001217a 4500
008
181105b xxu||||| |||| 00| 0 eng d
041
_a
eng
080
_a
610
100
_a
4
101
_a
SHM
245
_a
Find career in Medicine
_c
Starrett, .R.S
942
_2
udc
_c
BK
999
_c
51860
_d
51860